| 000 | 00000nam##2200000za#4500 |
| 001 | 9.639028 |
| 003 | CaOODSP |
| 005 | 20210624221949 |
| 007 | cr ||||||||||| |
| 008 | 150407|1997||||xxc|||||o f|0| 0 fre|d |
| 040 | |aCaOODSP|bfre |
| 043 | |an-cn--- |
| 086 | 1 |aEn21-125/1997F-PDF |
| 110 | 1 |aCanada. |bEnvironnement Canada. |
| 245 | 10|aDeuxième rapport national du Canada sur les changements climatiques : |h[ressource électronique]|bmesures prises en vertu de la Convention-cadre des Nations Unies sur les changements climatiques, 1997 |
| 250 | |aMise à jour |
| 260 | |aOttawa - Ontario : |bEnvironnement Canada |cNovembre 1997. |
| 300 | |a176p.|bgraphiques, références, tableaux |
| 500 | |aSommaire: Introduction.--Situation nationale.--Inventaire national des émissions de gaz à effet de serre du Canada.--Politique et mesures.--Projection pour les émissions jusqu'à l'an 2020.--Impacts possible du changement climatique sur le Canada.--Adaptation.--Aide financière et transfert technologique.--Recherche et observations systématiques.--Éducation, formation et sensibilisation publique. Mot symbole sur la couverture: Gouvernement du Canada. Données de catalogage avant publication (Canada) imprimées dans cette publication. |
| 500 | |aLe n° de catalogue (En21-125/1997F) et l'ISBN (0-662-82077-0) de l'édition imprimée ont été incorrectement copiés dans la version PDF. |
| 590 | |a11-13-Supp|b2011-08-04 |
| 691 | 07|aChangement climatique|2gcpds |
| 775 | 08|tCanada's second national report on climate change : |w(CaOODSP)9.694860 |
| 776 | 0#|tDeuxième rapport national du Canada sur les changements climatiques : |w(CaOODSP)9.680130 |
| 856 | 40|ahttp://publications.gc.ca|qPDF|s5220 Ko|uhttps://publications.gc.ca/collections/collection_2011/ec/En21-125-1997-fra.pdf |